01323nab a22002297a 4500003000400000005001700004008004100021040000700062100003700069245011400106260007300220300001300293500007300306505036700379505008900746650002900835650002000864650001500884650003600899650002400935773013400959OSt20260130204657.0190603e xxum|||| |||| 00| 0 spa d cPJ aFerreira Morais, Ignacio Enrique10aPosesión en edificios inteligentes : b¿el nacimiento del "corpus digital"? /cIgnacio E. Ferreira Morais. cCiudad Autónoma de Buenos Aires :aThomson Reuters La Ley, b2025. ap. 45-49 aCita: TR LALEY AR/DOC/2275/2025 Publicado en: RCCyC 2025 (Octubre). aSumario: I. Introducción.— II. Aproximación al concepto de posesión en el marco normativo argentino.— III. Edificios inteligentes.— IV. Revisión crítica: ¿puede haber "corpus digital"?— V. Desafíos probatorios en entornos tecnológicos.— VI. Acciones posesorias y uso tecnológico.— VII. Reflexiones de lo tratado.— VIII. Corolario.  t¿Te interesa el texto completo? Solicitalo al correo: koha@justierradelfuego.gov.ar 0aCODIGO CIVIL Y COMERCIAL 0aDERECHOS REALES 0aPOSESIÓN 0aMEDIOS DE PRUEBA ELECTRÓNICOS 0aACCIONES POSESORIAS0 02713dCiudad Autónoma de Buenos Aires : Thomson Reuters La Ley, 2015-tRevista Código Civil y Comercial. Nº 5 - Octubre 2025